| 000 -GUIDE |
| Champ de contrôle de longueur fixe |
01165nam a22002417a 4500 |
| 003 - IDENTITÉ DU NUMÉRO DE CONTRÔLE |
| Champ de contrôle |
BI-BuBU |
| 008 - ÉLÉMENTS DE LONGUEUR FIXE - RENSEIGNEMENTS GÉNÉRAUX |
| Champ de contrôle de longueur fixe |
220412b2018 bd fr|||| 000 0 eng d |
| 037 ## - SOURCE D'ACQUISITION |
| Source d'acquisition et du numéro d'inventaire |
Don de l'auteur |
| 039 ## - NIVEAU DE CONTRÔLE BIBLIOGRAPHIQUE ET HISTORIQUE D'ENCODAGE [OBSOLETE] |
| Date creation |
20220412110738.0 |
| Nom catalographe |
Cyrille Nshimirimana |
| 040 ## - SOURCE DU CATALOGAGE |
| Organisme qui a effectué le catalogage original |
BI-BuBU |
| Code de la langue utilisée dans le catalogage |
fre |
| Organisme qui a effectué la transcription |
BI-BuBU |
| Organisme qui a effectué la modification |
BI-BuBU |
| 041 0# - CODE DE LANGUE |
| Code de langue du texte/de la piste sonore ou du titre distinct |
fre |
| 080 ## - INDICE DE LA CLASSIFICATION DÉCIMALE UNIVERSELLE (CDU) |
| Indice de la Classification décimale universelle |
372.880.20 |
| 100 1# - VEDETTE PRINCIPALE - NOM DE PERSONNE |
| Code de relation |
aut. |
| Nom de personne |
Ntunganirwe, Dilex |
| 245 1# - MENTION DU TITRE |
| Titre |
An analysis of the factors that handicap the development of oral communicative competence |
| Reste du titre |
in 9th form classes in Gashoho selected schools |
| Mention de responsabilité, etc. |
Dilex Ntunganirwe ; Gregoire Njejimana, supervisor |
| 260 ## - PUBLICATION, DIFFUSION, ETC. (ADRESSE BIBLIOGRAPHIQUE) |
| Lieu de publication, diffusion, etc. |
Bujumbura |
| Nom de l'éditeur, diffuseur, etc. |
University of Burundi, Faculty of Arts and Soial Sciences English and Language and Literature |
| 300 ## - DESCRIPTION MATÉRIELLE |
| Collation |
VIII-63 f. |
| Dimensions |
30 cm. |
| 500 ## - NOTE GÉNÉRALE |
| Note générale |
A thesis submitted in partial fulfillment of the requirement for the award of the degree"Licence en Langue et Littérature Anglaises. |
| 650 #7 - VEDETTE-MATIÈRE - NOM COMMUN |
| Source du terme |
BI-BuBU |
| Vedette de sujet ou vedette comportant un nom géographique |
Anglais (Langue) |
| Subdivision générale |
Enseignement |
| -- |
Expression Orale |
| Subdivision géographique |
Gashoho (commune) |
| 655 #7 - TERME D'INDEXATION - GENRE OU FORME |
| Source du terme |
BI-BuBU |
| Données ou terme dominant sur le genre ou la forme |
Mémoire |
| 700 1# - VEDETTE SECONDAIRE - NOM DE PERSONNE |
| Code de relation |
aut. |
| Nom d'auteur |
University of Burundi, Faculty of Arts and Soial Sciences English and Language and Literature |
| 942 ## - ÉLÉMENTS D'ENTRÉE ADDITIONNELLE (KOHA) |
| Source de la classification ou du système de rangement |
|
| Type d item koha |
Memoire |